[Event "4NCL Division 1d"]
[Site "Hinckley Island ENG"]
[Date "2015.05.02"]
[Round "9.181"]
[White "Pitcher, John"]
[Black "Martyn, Rafe"]
[Result "1-0"]
[WhiteElo "2256"]
[BlackElo "2263"]
[PlyCount "109"]
[EventDate "2015.05.02"]
[WhiteTeam "Warwickshire Select 1"]
[BlackTeam "Barbican 4NCL 2"]

1. e4 c5 2. Nf3 d6 3. b3 e5 4. Bc4 Be7 5. O-O Nf6 6. Nc3 O-O 7. d3 Nc6 8. Nd5
Nxd5 9. Bxd5 Kh8 10. Nd2 Nb4 11. a3 Nxd5 12. exd5 f5 13. Bb2 Bd7 14. a4 Bf6 15.
Qe2 b6 16. Nc4 Be8 17. f4 exf4 18. Bxf6 Qxf6 19. Qe6 Rd8 20. Qxf6 Rxf6 21. Rxf4
g5 22. Rf2 Bf7 23. Re1 Rd7 24. Ne3 Bg6 25. Nc4 Kg7 26. Rfe2 Bf7 27. Re7 Rxe7
28. Rxe7 Kg6 29. Rxa7 Bxd5 30. Nxb6 Be6 31. Nc4 Bxc4 32. bxc4 f4 33. Rd7 Kf5
34. a5 Ke5 35. a6 h5 36. a7 Rf8 37. Rh7 Ra8 38. c3 Kf5 39. Kf2 Kf6 40. Kf3 Kf5
41. Rf7+ Ke5 42. h3 Ke6 43. Rh7 Kf5 44. Rxh5 Rxa7 45. h4 Rg7 46. Rxg5+ Rxg5 47.
hxg5 Kxg5 48. g3 fxg3 49. Kxg3 Kf5 50. Kf3 Ke6 51. Ke4 Kd7 52. Kd5 Kc7 53. Ke6
Kc6 54. d4 Kc7 55. d5 1-0

[Event "4NCL Division 1d"]
[Site "Hinckley Island ENG"]
[Date "2015.05.02"]
[Round "9.182"]
[White "Buchicchio, Giampaolo"]
[Black "Thomas, Nick"]
[Result "1-0"]
[WhiteElo "2343"]
[BlackElo "2261"]
[PlyCount "91"]
[EventDate "2015.05.02"]
[WhiteTeam "Barbican 4NCL 2"]
[BlackTeam "Warwickshire Select 1"]

1. e4 e6 2. d4 d5 3. Nc3 Bb4 4. e5 c5 5. a3 Bxc3+ 6. bxc3 Qc7 7. Qg4 f5 8. Qg3
Nc6 9. Nf3 cxd4 10. cxd4 Nge7 11. Be2 O-O 12. O-O Bd7 13. Bh6 Ng6 14. Bg5 Be8
15. Bd3 Nh8 16. Be3 Bg6 17. Qh3 Qe7 18. Bg5 Qd7 19. Bd2 Rac8 20. Rfb1 Rc7 21.
Qh4 f4 22. Bb4 Nxb4 23. axb4 Bxd3 24. cxd3 Ng6 25. Qg4 b6 26. Ng5 Rf5 27. Rc1
Rxc1+ 28. Rxc1 h6 29. Nf3 Kh7 30. h4 Ne7 31. b5 g6 32. Ra1 Rf7 33. Nh2 Nf5 34.
Qxf4 Qxb5 35. Ng4 Qb2 36. Ra4 b5 37. Ra6 Qxd4 38. Qf3 Kg7 39. Rxe6 Nxh4 40. Qh3
Nf5 41. Nf6 h5 42. g4 Qa1+ 43. Kg2 Nd4 44. gxh5 Qc1 45. Qg4 Qh6 46. Re8 1-0

[Event "4NCL Division 1d"]
[Site "Hinckley Island ENG"]
[Date "2015.05.02"]
[Round "9.183"]
[White "Lawton, Geoff"]
[Black "Berry, Neil"]
[Result "1/2-1/2"]
[WhiteElo "2252"]
[BlackElo "2267"]
[PlyCount "126"]
[EventDate "2015.05.02"]
[WhiteTeam "Warwickshire Select 1"]
[BlackTeam "Barbican 4NCL 2"]

1. e4 e5 2. Nf3 Nc6 3. Bb5 a6 4. Ba4 Nf6 5. O-O Nxe4 6. d4 b5 7. Bb3 d5 8. dxe5
Be6 9. Nbd2 Nc5 10. c3 Be7 11. Bc2 d4 12. cxd4 Nxd4 13. Nxd4 Qxd4 14. Nf3 Qxd1
15. Rxd1 O-O 16. Nd4 Bd7 17. Be3 Rad8 18. Rac1 Rfe8 19. f4 Ne6 20. Nb3 g6 21.
Na5 Bc8 22. Nc6 Rxd1+ 23. Bxd1 Bf8 24. Bf3 Bd7 25. Rd1 Bxc6 26. Bxc6 Rd8 27.
Rxd8 Nxd8 28. Bd5 Be7 29. Kf2 Kf8 30. g4 c6 31. Be4 f6 32. f5 gxf5 33. Bxf5
fxe5 34. Bxh7 Bh4+ 35. Kf3 Nf7 36. Bg6 Ng5+ 37. Kg2 Ne6 38. Kf3 Ng5+ 39. Ke2
Ne6 40. Be4 c5 41. Bb7 a5 42. Bc6 Nd4+ 43. Bxd4 cxd4 44. Bxb5 e4 45. Bc6 e3 46.
Kd3 Kg7 47. Bb5 Bf6 48. b3 Kg6 49. h4 Bxh4 50. Kxd4 Kg5 51. Be2 Kf4 52. Kc4 Kg3
53. Kb5 Kf2 54. Bc4 Bd8 55. g5 Bxg5 56. Kxa5 e2 57. Bxe2 Kxe2 58. b4 Kd3 59. b5
Kc4 60. b6 Bd8 61. Ka6 Bxb6 62. Kxb6 Kb4 63. a4 Kxa4 1/2-1/2

[Event "4NCL Division 1d"]
[Site "Hinckley Island ENG"]
[Date "2015.05.02"]
[Round "9.184"]
[White "Coleman, David"]
[Black "Mason, Don"]
[Result "1/2-1/2"]
[WhiteElo "2226"]
[BlackElo "2192"]
[PlyCount "53"]
[EventDate "2015.05.02"]
[WhiteTeam "Barbican 4NCL 2"]
[BlackTeam "Warwickshire Select 1"]

1. e4 e6 2. d4 d5 3. Nc3 Bb4 4. e5 c5 5. a3 Bxc3+ 6. bxc3 Ne7 7. Qg4 Qc7 8. Bd3
cxd4 9. Ne2 dxc3 10. Qxg7 Rg8 11. Qxh7 Qxe5 12. h4 Rxg2 13. Bg5 Nbc6 14. Kf1
Rxg5 15. hxg5 Qxg5 16. Rg1 Qf6 17. Ng3 Kd7 18. Re1 Kc7 19. Nh5 Qh4 20. Rg3 Bd7
21. Kg2 Qd4 22. Qxf7 Rh8 23. Qf4+ Qxf4 24. Nxf4 e5 25. Ng6 Nxg6 26. Bxg6 Rh6
27. Bf7 1/2-1/2

[Event "4NCL Division 1d"]
[Site "Hinckley Island ENG"]
[Date "2015.05.02"]
[Round "9.185"]
[White "Lam, Paul"]
[Black "Twyble, Michael"]
[Result "1/2-1/2"]
[WhiteElo "2155"]
[BlackElo "2261"]
[PlyCount "52"]
[EventDate "2015.05.02"]
[WhiteTeam "Warwickshire Select 1"]
[BlackTeam "Barbican 4NCL 2"]

1. e4 e5 2. Nc3 Nf6 3. g3 Bc5 4. Bg2 O-O 5. Nge2 c6 6. O-O d5 7. exd5 cxd5 8.
d4 exd4 9. Na4 Be7 10. Nxd4 Nc6 11. Bf4 Bg4 12. Qd3 Qd7 13. Rfe1 Rfe8 14. Nc3
Rac8 15. Ncb5 a6 16. Nxc6 bxc6 17. Nc3 Qb7 18. Be5 Be6 19. Rab1 Ng4 20. Bd4 c5
21. Be5 Rcd8 22. Bf4 g5 23. Bd2 c4 24. Qd4 Bf6 25. Qc5 Be7 26. Qd4 Bf6 1/2-1/2

[Event "4NCL Division 1d"]
[Site "Hinckley Island ENG"]
[Date "2015.05.02"]
[Round "9.186"]
[White "O'Donnell, Conor"]
[Black "Shephard, Chris"]
[Result "0-1"]
[WhiteElo "2185"]
[BlackElo "2158"]
[PlyCount "124"]
[EventDate "2015.05.02"]
[WhiteTeam "Barbican 4NCL 2"]
[BlackTeam "Warwickshire Select 1"]

1. d4 Nf6 2. Bg5 Ne4 3. Bf4 c5 4. d5 d6 5. f3 Qa5+ 6. Nd2 Nxd2 7. Bxd2 Qc7 8.
e4 e5 9. dxe6 Bxe6 10. Bc3 Nc6 11. Ne2 d5 12. exd5 O-O-O 13. dxe6 Rxd1+ 14.
Rxd1 fxe6 15. g3 Ne5 16. Bg2 Be7 17. Nf4 Bf6 18. Kf2 Nd7 19. Bxf6 Nxf6 20. Nxe6
Qb6 21. Bh3 Qxb2 22. Rd2 Kb8 23. Rhd1 a6 24. c4 Qb4 25. Rc2 Ka7 26. Nxg7 Qa4
27. Bf5 Rf8 28. Rdd2 Nh5 29. Bd7 Qa3 30. Nf5 Nf6 31. Be6 Qa5 32. Rd3 Re8 33.
Re2 Rxe6 34. Rxe6 Qxa2+ 35. Ke3 Qb2 36. Nd6 Qc1+ 37. Ke2 Nd7 38. Re4 Qh6 39. h4
Qf6 40. Ke3 Ne5 41. Rxe5 Qxe5+ 42. Ne4 Qe7 43. Rd5 b6 44. f4 a5 45. f5 a4 46.
f6 Qf8 47. Rf5 a3 48. Rf2 b5 49. cxb5 Qf7 50. Nc3 h5 51. Kd3 Kb6 52. Re2 Qd7+
53. Kc2 c4 54. Rd2 Qf5+ 55. Kc1 Ka5 56. Rd6 Kb4 57. Nd5+ Kb3 58. Ne3 Qe5 59.
Nxc4 Kxc4 60. Rc6+ Kxb5 61. f7 Qe1+ 62. Kc2 Qf2+ 0-1

[Event "4NCL Division 1d"]
[Site "Hinckley Island ENG"]
[Date "2015.05.02"]
[Round "9.187"]
[White "Baruch, Andy"]
[Black "Moss, Guy"]
[Result "1-0"]
[WhiteElo "2066"]
[BlackElo "2177"]
[PlyCount "95"]
[EventDate "2015.05.02"]
[WhiteTeam "Warwickshire Select 1"]
[BlackTeam "Barbican 4NCL 2"]

1. g3 d5 2. c4 c6 3. Bg2 Nf6 4. Nf3 Bf5 5. b3 h6 6. O-O e6 7. Bb2 Be7 8. d3 O-O
9. Nbd2 Nbd7 10. a3 a5 11. Bc3 Qc7 12. Qc1 Bh7 13. Qb2 Nc5 14. Ne5 Rfd8 15. Bd4
dxc4 16. Nexc4 Ncd7 17. b4 axb4 18. axb4 Ne8 19. b5 c5 20. Bc3 Rxa1 21. Rxa1
Bf6 22. b6 Nxb6 23. Bxf6 Nxc4 24. Bxd8 Nxb2 25. Bxc7 Nxc7 26. Bxb7 Kf8 27. Rc1
Na4 28. Rc4 Nb6 29. Rxc5 Ne8 30. Nc4 Nxc4 31. Rxc4 Nd6 32. Rc7 Nxb7 33. Rxb7 e5
34. e4 f6 35. Kf1 Bg6 36. Ke2 Bf7 37. Ke3 g6 38. f4 Kg7 39. d4 exd4+ 40. Kxd4
g5 41. e5 fxe5+ 42. fxe5 Kf8 43. Kc5 h5 44. Kd6 Be8 45. Rb8 h4 46. Ke6 hxg3 47.
hxg3 g4 48. Kf6 1-0

[Event "4NCL Division 1d"]
[Site "Hinckley Island ENG"]
[Date "2015.05.02"]
[Round "9.188"]
[White "Bhatia, Kanwal"]
[Black "James, Ann-Marie"]
[Result "1-0"]
[WhiteElo "2053"]
[BlackElo "2125"]
[PlyCount "103"]
[EventDate "2015.05.02"]
[WhiteTeam "Barbican 4NCL 2"]
[BlackTeam "Warwickshire Select 1"]

1. e4 e5 2. Nf3 Nc6 3. Bc4 Nf6 4. Ng5 d5 5. exd5 Na5 6. Bb5+ Bd7 7. Qe2 Be7 8.
Nf3 e4 9. Ne5 c6 10. dxc6 bxc6 11. Bc4 O-O 12. Nxd7 Qxd7 13. Nc3 Rfe8 14. O-O
Bd6 15. h3 Qf5 16. d4 Rad8 17. Be3 Qg6 18. Ba6 Rb8 19. Rab1 Nd5 20. Nxd5 cxd5
21. Qd2 Bb4 22. c3 Qxa6 23. cxb4 Nc4 24. Qc3 Rbc8 25. a3 Na5 26. Qe1 Nb3 27.
Qd1 Qc4 28. Qh5 Red8 29. Rfd1 Qa6 30. Qh4 f6 31. Qg3 Qc4 32. Qg4 Kh8 33. h4 a5
34. bxa5 Ra8 35. h5 Rxa5 36. Qe6 Qa6 37. Qh3 Qc8 38. Qh4 Rf8 39. h6 g6 40. Bd2
Ra6 41. Bb4 Re8 42. Qg3 Qc4 43. Bc3 Rae6 44. Qe3 Qc7 45. Re1 Qc4 46. Rbd1 Kg8
47. Qg3 Qc6 48. Re3 Rc8 49. Qf4 Qa4 50. Rg3 Kh8 51. Bb4 Rb6 52. Bd6 1-0